Formula 1 - Valtiot joissa suomalainen on voittanut osakilpailun - Statistics

Yleistilastot
  • Tätä visaa on pelattu 233 kertaa
    230 viimeisimmän päivityksen jälkeen
  • Keskiarvotulos 35 / 40
Vastaustilastot
Kuljettajat Vuosina Valtio % Oikein
Keke Rosberg 1984, 1985 Yhdysvallat
99%
Mika Häkkinen 2001 Yhdysvallat
99%
Kimi Räikkönen 2018 Yhdysvallat
99%
Valtteri Bottas 2019 Yhdysvallat
99%
Mika Häkkinen 1998, 1998 Saksa
95%
Mika Häkkinen 1998, 1999 Brasilia
94%
Kimi Räikkönen 2007 Brasilia
94%
Mika Häkkinen 1998, 1999 Japani
94%
Kimi Räikkönen 2005 Japani
94%
Valtteri Bottas 2019 Japani
94%
Keke Rosberg 1985 Australia
93%
Mika Häkkinen 1998 Australia
93%
Kimi Räikkönen 2007, 2013 Australia
93%
Valtteri Bottas 2019 Australia
93%
Mika Häkkinen 1997, 1998, 1999, 2000 Espanja
92%
Kimi Räikkönen 2005, 2008 Espanja
92%
Keke Rosberg 1982 Ranska
92%
Kimi Räikkönen 2007 Ranska
92%
Mika Häkkinen 1999 Kanada
89%
Kimi Räikkönen 2005 Kanada
89%
Kimi Räikkönen 2007 Kiina
88%
Mika Häkkinen 2001 Yhdistynyt Kuningaskunta
88%
Mika Häkkinen 2000 Belgia
87%
Kimi Räikkönen 2004, 2005, 2007, 2009 Belgia
87%
Keke Rosberg 1983 Monaco
87%
Mika Häkkinen 1998 Monaco
87%
Kimi Räikkönen 2005 Monaco
87%
Valtteri Bottas 2017, 2020 Venäjä
87%
Kimi Räikkönen 2007 Yhdistynyt Kuningaskunta
87%
Mika Häkkinen 1999, 2000 Unkari
83%
Kimi Räikkönen 2005 Unkari
83%
Heikki Kovalainen 2008 Unkari
83%
Mika Häkkinen 1998, 2000 Itävalta
82%
Valtteri Bottas 2017, 2020 Itävalta
82%
Kimi Räikkönen 2005 Turkki
82%
Valtteri Bottas 2021 Turkki
82%
Kimi Räikkönen 2012 Yhdistyneet Arabiemiirikunnat
80%
Valtteri Bottas 2017 Yhdistyneet Arabiemiirikunnat
80%
Kimi Räikkönen 2003, 2008 Malesia
73%
Valtteri Bottas 2019 Azerbaidžan
68%
Ehtoja vastaavia visoja ei löytynyt
Tulosjakauma
Jokaisen tuloksen saaneiden osuus
Persentiili vastausten määrän mukaan
Tuloshistoriasi
Et ole pelannut tätä visaa sen viimeisimmän päivityksen jälkeen